000 00382nam a2200133Ia 4500
008 151001s9999||||xx |||||||||||||| ||und||
100 _aराकेश इंदूरखा
245 _aहमारे मित्र पक्षी
250 _a1
260 _bदिनेश साहित्य सदन
260 _c2008
300 _a16
365 _b21
999 _c992440
_d992437